सरकारी कामकाज में हिन्दी / (Record no. 51258)

MARC details
000 -LEADER
fixed length control field 01101nam a22003017a 4500
005 - DATE AND TIME OF LATEST TRANSACTION
control field 20080929101452.0
008 - FIXED-LENGTH DATA ELEMENTS--GENERAL INFORMATION
fixed length control field 080929t xxu||||| |||| 00| 0chin d
010 ## - LCCN (DPL NO)
LC control number HIN-92171
020 ## - INTERNATIONAL STANDARD BOOK NUMBER
International Standard Book Number 9788176672306
Terms of availability 250.00
035 ## - SYSTEM CONTROL NUMBER
System control number HN-64517
037 ## - SOURCE OF ACQUISITION
Source of stock number/acquisition DBAD / PUB
040 ## - CATALOGING SOURCE
Original cataloging agency DPL
Language of cataloging HN
082 ## - DEWEY DECIMAL CLASSIFICATION NUMBER
Classification number 420
100 ## - MAIN ENTRY--PERSONAL NAME
9 (RLIN) 26640
Personal name सुभाष चन्दर
245 ## - TITLE STATEMENT
Title सरकारी कामकाज में हिन्दी /
Statement of responsibility, etc सुभाष चन्दर
246 ## - VARYING FORM OF TITLE
Title proper/short title Sarkari Kamkaaj Main Hindi
Remainder of title by Subhash Chander
260 ## - PUBLICATION, DISTRIBUTION, ETC. (IMPRINT)
Place of publication, distribution, etc दिल्ली
Name of publisher, distributor, etc भावना प्रकाशन
Date of publication, distribution, etc 2009
270 ## - ADDRESS
Address 109-A ,पटपडंगंज,
City दिल्ली
Postal code 110091
Telephone number 22756734
300 ## - PHYSICAL DESCRIPTION
Extent 216पृ.
Dimensions 22सेमी (सजिल्द)
650 ## - SUBJECT ADDED ENTRY--TOPICAL TERM
9 (RLIN) 697
650 ## - SUBJECT ADDED ENTRY--TOPICAL TERM
9 (RLIN) 26793
650 ## - SUBJECT ADDED ENTRY--TOPICAL TERM
9 (RLIN) 26674
650 ## - SUBJECT ADDED ENTRY--TOPICAL TERM
9 (RLIN) 698
700 ## - ADDED ENTRY--PERSONAL NAME
9 (RLIN) 26643
710 ## - ADDED ENTRY--CORPORATE NAME
9 (RLIN) 26662
942 ## - ADDED ENTRY ELEMENTS (KOHA)
Source of classification or shelving scheme Dewey Decimal Classification
Item type Hindi Books
Classification part 420
Call number suffix सुभाष
Holdings
Withdrawn status Lost status Source of classification or shelving scheme Damaged status Not for loan Collection code Home library Current library Date acquired Source of acquisition Cost, normal purchase price Total Checkouts Full call number Barcode Date last seen Copy number Cost, replacement price Koha item type
    Dewey Decimal Classification   Not For Loan Non-fiction D.B.Act.Division D.B.Act.Division 28/03/2011 DBAD / PUB 250.00   420 सुभाष HN-64517 28/03/2011 1 250.00 Hindi Books

© Delhi Public Library
Hit Counter
free hit counter